000 00664nam a2200217 i 4500
001 72421
003 ES-MaACL
005 20230906171432.0
007 t|
008 040901m19211947sp ||||1| eng d
100 1 _aGirau, Lewis Th.
_957237
245 1 4 _aThe new british method
_b: método de inglés /
_cpor Lewis Th. Girau.
250 _a5ª ed.
260 _aBarcelona :
_b[s.n.,
_c1921-1947] (
_fGráfs. Casulleras)
300 _a2 v. ;
_c21 cm.
490 1 _aColección magister
500 _aEl V. I es de la 15ª edición y el II de la 8ª.
830 0 _aColección magister
_9183360
852 _aES-MaACL
_jC-4233-4
_bR.26322
999 _c72421
_d72421